| 000 | 00311nam a2200133 i 4500 | ||
|---|---|---|---|
| 001 | bg | ||
| 245 | 0 |
_aUniwersalna klasyfikacja dziesiętna : _b669 Metalurgia. |
|
| 250 | _aWyd.10. | ||
| 260 |
_aWarszawa, _c1965. |
||
| 040 | _cBPK | ||
| 041 | _apol | ||
| 942 | _cKS | ||
| 008 | s pl f |000 0 pol | ||
| 999 |
_c10495 _d10495 |
||
| 856 |
_uhttp://koha.tu.koszalin.pl/cgi-bin/koha/opac-detail.pl?biblionumber=10495 _yKatalog online BPK |
||